Varšavský koncert z filmu R. K. O. Dangerous moonlight : klavír sólo /

Hlavní autor: Addinsell, Richard, 1904-1977
Jazyk: Nelze použít, není lingvistický obsah
Vydáno: Praha : Státní hudební vydavatelství, 1967
Vydání: 2. vyd.
Fyzický popis: 15 s.
Hudebniny Hudebniny
Uloženo v:
LEADER 00757ncm a22002172a 4500
001 000252285
003 CZ BrMZK
005 20120926083302.0
007 qu
008 960101s1967 xr f zxx d
040 |a BOA001  |b cze 
072 7 |a 786  |x Hudba pro klávesové nástroje  |2 Konspekt  |9 9 
100 1 |a Addinsell, Richard,  |d 1904-1977  |7 xx0011368  |4 cmp 
245 1 0 |a Varšavský koncert  |h [hudebnina] :  |b z filmu R. K. O. Dangerous moonlight : klavír sólo /  |c Richard Addinsell 
250 |a 2. vyd. 
260 |a Praha :  |b Státní hudební vydavatelství,  |c 1967 
300 |a 15 s. 
910 |a BOA001  |b Mus4-0557.286-67 
990 |a MU 
991 |b 201210 
996 6 |b 2619908614  |c Mus4-0557.286-67  |l MZK  |r Sklad / do 1 hodiny  |n 2  |w 000252285  |u 000010  |a 1  |e BOA001  |j MZK50  |s P